000 03501nam a22004575i 4500
005 20230718140443.0
006 m|||||o||d||||||||
007 cr || ||||||||
008 210202t20132013pl fo d z eng d
019 _a(OCoLC)1013963905
020 _a9788376560144
040 _aDE-B1597
_beng
_cDE-B1597
_erda
041 0 _aeng
050 4 _aHC79.E5
_b.P37 2013eb
082 0 4 _a338.927
_223
100 1 _aParola, Giulia,
_eauthor.
_4aut
_4http://id.loc.gov/vocabulary/relators/aut
245 1 0 _aEnvironmental Democracy at the Global Level: :
_bRights and Duties for a New Citizenship /
_cGiulia Parola.
264 1 _aWarsaw ;
_aBerlin :
_bDe Gruyter Open Poland,
_c[2013]
264 4 _c©2013
300 _a1 online resource (242 p.)
336 _atext
_btxt
_2rdacontent
337 _acomputer
_bc
_2rdamedia
338 _aonline resource
_bcr
_2rdacarrier
347 _atext file
_bPDF
_2rda
505 0 0 _tFrontmatter --
_tContents --
_tAbbreviations --
_tIntroduction --
_tCHAPTER I: Environmental Democracy: a Theoretical Construction --
_tCHAPTER II: Environmental Democracy in an International Context --
_tIndex --
_tBibliography --
_tDetailed Table of Content
506 0 _funrestricted online access
_2star
520 _aGiulia Parola's Environmental Democracy at the Global Level: Rights and Duties for a New Citizenship can be seen as a manifesto that is both traditional and revolutionary at the same time. It calls for the construction of a new civilisation centred on the environment, while drawing on the traditional notions of democratic government. It adopts an approach that is focused on the power of individuals rather than governments, as ways to protect and improve the environment. It proposes that environmental rights and ecological duties are self-evident and inalienable, and should be treated as the cornerstones of a new democracy. Parola's book is a thought provoking and intriguing work that will be of interest to scholars of environmental studies as well as to legal practitioners and non-specialists.Giulia Parola has studied Environmental Law at the University of Torino, at the University of René Descartes in Paris, (where she obtained PhD in Public Law) and at the University of Iceland ( LLM in Natural Resources Law and International Environmental Law).In 2011, she was appointed by the University of Laval (Canada, Quebec) as a researcher and a lecturer in Environmental Law.
538 _aMode of access: Internet via World Wide Web.
540 _aThis eBook is made available Open Access. Unless otherwise specified individually in the content, the work is licensed under the Creative Commons Attribution-NonCommercial-NoDerivatives (CC BY-NC-ND) license:
_uhttps://creativecommons.org/licenses/by-nc-nd/3.0
_uhttps://www.degruyter.com/dg/page/open-access-policy
546 _aIn English.
588 0 _aDescription based on online resource; title from PDF title page (publisher's Web site, viewed 02. Feb 2021)
650 0 _aDemocracy
_xEnvironmental aspects.
650 0 _aEnvironmental policy
_xCitizen participation.
650 0 _aEnvironmentalism.
650 7 _aLAW / Civil Law.
_2bisacsh
776 0 _cprint
_z9788376560137
856 4 0 _uhttps://doi.org/10.2478/9788376560144
_zOpen Access
_70
856 4 0 _uhttps://www.degruyter.com/isbn/9788376560144
_zOpen Access
_70
856 4 2 _3Cover
_uhttps://www.degruyter.com/cover/covers/9788376560144.jpg
942 _cE-BOOK
999 _c71761
_d71760